00437 2200181 4500001002100000005001500021035002000036008004100056245004300097100001500140250000600155260003400161300001200195084001400207082000800221650001400229990001200243INLIS00000000000019320240502020304 a0010-0424000169240502 0 ind 1 aJimmy Coates : Sang Buron /cJoe Craig aCraig, Joe a1 aSolo :bTiga Serangkai,c2009 a298 hlm a813 JOE j a813 4aNon Fiksi a0732461